000 00672nam a2200205Ia 4500
005 20241129110153.0
008 241129s9999||||xx |||||||||||||| ||und||
037 _aTB
040 _aARTS
_bpun
_cARTS
041 _apun
_2pun
084 _aO153,3NKA4x R2
_qARTS
100 _aਕਗ਼ਾਕ, ਕਿਰਪਾਲ, ਚ।
245 0 _aਗਿਆਨ ਸੂਤ੍ਰ
_cਕਗ਼ਾਕ, ਕਿਰਪਾਲ, ਚ।
260 _aਪਟਿਆਲਾ, ਭਾਰਤ
_bਪਟਿਆਲਾ ਕੈਲਿਵਰ
_c2022
300 _a79ਪ੍ਰ0
365 _aINR
_b180
650 _aPunjabi Fiction
_9179734
942 _cTB
_hO153,3NKA4x R2
999 _c1227584
_d1227584